000 00575nam a2200217 a 4500
001 158045
003 OSt
005 20211124152639.0
008 200702 ### ENG
020 _a9789353436926
082 _a305.23
_bD35C
245 _aChildhood to adolescence : issues and concerns
_cby Sibnath Deb...[et.al.]
260 _aNoida
_bPearson India Education
_c2020
300 _a529p.
653 _aSocial Work
700 _aDeb, Sibnath
700 _aBhadra, Subhasis
700 _aSunny, Aleena Maria
700 _aSahay, Seema
942 _2ddc
_cBK
999 _c20312
_d20312